Pays en huitièmes de finale de l’Euro 2024 - Statistiques

Statistiques générales
  • Ce quiz a été pris 257 fois
  • Le résultat moyen est 15 sur 16
Statistiques - réponses
Pays % Correct
France
100%
Espagne
98%
Allemagne
97%
Portugal
97%
Angleterre
96%
Belgique
96%
Suisse
96%
Italie
94%
Pays-Bas
91%
Géorgie
89%
Autriche
88%
Slovénie
86%
Turquie
85%
Slovaquie
84%
Danemark
82%
Roumanie
81%
Aucun quiz correspondant
Distribution des résultats
% des personnes avec chaque résultat
Percentile par nombre de réponses
Votre historique - résultats
Vous n’avez pas pris ce quiz